Statistics for Best player for each NBA franchise 2022/23

Click here to take the quiz!

General Stats

  • This quiz has been taken 26 times
  • The average score is 23 of 30

Answer Stats

teamplayer% Correct
NuggetsNikola Jokic
95%
Trail BlazersDamian Lillard
91%
BucksGiannis Antetokounmpo
91%
CelticsJayson Tatum
91%
HeatJimmy Butler
91%
76ersJoel Embiid
91%
SunsKevin Durant
91%
GrizzliesJa Morant
86%
ClippersKawhi Leonard
86%
LakersLeBron James
86%
MavericksLuka Doncic
86%
ThunderShai Gilgeous-Alexander
86%
WarriorsStephen Curry
86%
TimberwolvesAnthony Edwards
82%
CavaliersDonovan Mitchell
82%
HornetsLaMelo Ball
82%
RaptorsPascal Siakam
82%
HawksTrae Young
82%
KingsDe'Aaron Fox
77%
BullsDeMar DeRozan
77%
PelicansZion Williamson
77%
KnicksJalen Brunson
73%
WizardsKristaps Porzingis
64%
NetsMikal Bridges
64%
PacersTyrese Haliburton
64%
JazzLauri Markkanen
55%
RocketsJalen Green
50%
MagicFranz Wagner
41%
SpursKeldon Johnson
41%
PistonsBojan Bogdanovic
27%

Score Distribution

Percentile by Number Answered

Percent of People with Each Score

Your Score History

You have not taken this quiz